000 00552nmm a2200169Ia 4500
008 251105s9999||||xx |||||||||||||||||und||
020 _a8497423720
041 _aspa
100 _aTezanos, José Félix
245 0 _aLa sociedad dividida :
_b Estructura de clases y desigualdades en las sociedades tecnológicas
264 _a[Madrid, España] :
_bBiblioteca Nueva,
_c2005
300 _a396 páginas
490 _aEnsayo Pensamiento
650 _aSocial Sciences (General)
856 _uhttps://public.digitaliapublishing.com/a/4758
942 _cCF
999 _c74158
_d74158